|
|
|
|
| LEADER |
00000nam a2200000 a 4500 |
| 001 |
vtls008327754 |
| 003 |
SK-MaSNL |
| 005 |
20260301181844.0 |
| 008 |
181127s1957 xo 000 slo |
| 015 |
|
|
|a SKSNBA1957/10-01510
|
| 035 |
|
|
|a SK01SNK19570019971
|
| 035 |
|
|
|a SKM000022434
|
| 040 |
|
|
|a SNK
|b slo
|c SNK
|e AACR2
|
| 041 |
1 |
|
|a slo
|
| 044 |
|
|
|a xo
|c SK
|
| 080 |
|
|
|a 268:282
|2 1981
|
| 245 |
1 |
0 |
|a Rímskokatolícky katechizmus s biblickými výňatkami pre začiatočníkov
|
| 260 |
|
|
|a Trnava
|a Bratislava
|b SSV
|b CN
|c 1957
|e Trnava
|f Polygrafické závody
|
| 300 |
|
|
|a 55, [1] s.
|c 8°
|
| 500 |
|
|
|a Ilustr.
|
| 500 |
|
|
|a Vyd. SSV
|
| 610 |
0 |
7 |
|a Rímskokatolícka cirkev
|x katechizmy
|2 SNK
|9 422928
|
| 611 |
1 |
7 |
|a Rímskokatolícka cirkev
|x katechizmy
|2 SNK
|9 422929
|
| 650 |
0 |
7 |
|a katechizmy
|x Rímskokatolícka cirkev
|2 SNK
|9 422930
|
| 655 |
|
7 |
|a príručky
|2 SNKPH
|9 74364
|
| 852 |
|
|
|a Slovenská národná knižnica v Martine
|b 10000
|h SD 13649
|
| 852 |
|
|
|a Slovenská národná knižnica v Martine
|b 10000
|h SD 13649 D1
|
| 919 |
|
|
|a brož.
|
| 958 |
|
|
|a OND
|
| 958 |
|
|
|a TL
|
| 958 |
|
|
|a RK
|
| 958 |
|
|
|a NT
|
| 999 |
|
|
|c 851513
|d 853443
|
| 952 |
|
|
|a SNK
|b SNK
|y PREZ
|7 0
|p 17A0507328
|o snkSD 13649
|i snkKSP 1863/57
|0 0
|1 0
|4 0
|d 2006-05-10
|l 0
|r 2025-11-27 00:00:00
|w 2026-02-24
|